| 000 | 00356nam a2200121Ia 4500 | ||
|---|---|---|---|
| 008 | 191014s9999 xx 000 0 und d | ||
| 082 |
_a650.072 _bSEK |
||
| 100 |
_aUma Sekaran _923967 |
||
| 245 | 0 | _aResearch Methods for Business A Skill Building Approach(Fourth Edition) | |
| 260 |
_aPakistan _bNational Books Fundation |
||
| 300 | _aXiv,450 | ||
| 942 | _cBK | ||
| 999 |
_c531116 _d531116 |
||